| 000 -LEADER |
| fixed length control field |
01044cam a2200301 i 4500 |
| 001 - CONTROL NUMBER |
| control field |
17799872 |
| 005 - DATE AND TIME OF LATEST TRANSACTION |
| control field |
20200909124156.0 |
| 008 - FIXED-LENGTH DATA ELEMENTS--GENERAL INFORMATION |
| fixed length control field |
130702s20142014njua 000 0 eng |
| 010 ## - LIBRARY OF CONGRESS CONTROL NUMBER |
| LC control number |
2013026532 |
| 020 ## - INTERNATIONAL STANDARD BOOK NUMBER |
| International Standard Book Number |
9781118820193 |
| 040 ## - CATALOGING SOURCE |
| Original cataloging agency |
DLC |
| Language of cataloging |
eng |
| Transcribing agency |
DLC |
| Description conventions |
rda |
| Modifying agency |
DLC |
| 041 ## - LANGUAGE CODE |
| Language code of text/sound track or separate title |
eng |
| 042 ## - AUTHENTICATION CODE |
| Authentication code |
pcc |
| 050 00 - LIBRARY OF CONGRESS CALL NUMBER |
| Classification number |
TH145 |
| Item number |
.A417 2014 Suppl. |
| 080 ## - UNIVERSAL DECIMAL CLASSIFICATION NUMBER |
| Universal Decimal Classification number |
691 A-38 |
| 100 1# - MAIN ENTRY--PERSONAL NAME |
| Personal name |
Allen, Edward, |
| Dates associated with a name |
1938- |
| 9 (RLIN) |
9452 |
| 245 10 - TITLE STATEMENT |
| Title |
Exercises in building construction : |
| Remainder of title |
materials and methods / |
| Statement of responsibility, etc. |
Edward Allen and Joseph Iano. |
| 250 ## - EDITION STATEMENT |
| Edition statement |
Sixth edition. |
| 264 #4 - PRODUCTION, PUBLICATION, DISTRIBUTION, MANUFACTURE, AND COPYRIGHT NOTICE |
| Date of production, publication, distribution, manufacture, or copyright notice |
Hoboken, New Jersey : |
| Place of production, publication, distribution, manufacture |
Wiley, |
| Name of producer, publisher, distributor, manufacturer |
[2014] |
| 300 ## - PHYSICAL DESCRIPTION |
| Extent |
154 pages : |
| Other physical details |
illustrations ; |
| Dimensions |
28 cm. |
| 650 #0 - SUBJECT ADDED ENTRY--TOPICAL TERM |
| Topical term or geographic name entry element |
Building. |
| 9 (RLIN) |
8873 |
| 650 #0 - SUBJECT ADDED ENTRY--TOPICAL TERM |
| Topical term or geographic name entry element |
Building materials. |
| 9 (RLIN) |
9453 |
| 653 ## - INDEX TERM--UNCONTROLLED |
| keyword |
მშენებლობა |
| 653 ## - INDEX TERM--UNCONTROLLED |
| keyword |
სამშენებლო კონსტრუქციები |
| 700 1# - ADDED ENTRY--PERSONAL NAME |
| Personal name |
Iano, Joseph. |
| Relator term |
ავტორი |
| 9 (RLIN) |
9454 |
| 942 ## - ADDED ENTRY ELEMENTS (KOHA) |
| Source of classification or shelving scheme |
|
| Koha item type |
წიგნი |